000 00269nam a2200109Ia 4500
008 190216s9999||||xx |||||||||||||| ||und||
100 _aNarendran
245 4 _aThe Kerala Educational Act
260 _bSouthern Publishing Associations
650 _aEnglish
942 _cBK
999 _c11836
_d11836